000 01044cam a2200241 4500
001 ABS63674
008 000000n2001 000 0 eng u
035 _a(Sirsi) u111842
100 _aEade, C.
245 _aRunning on empty
260 _c2001
490 _aProperty Week
_v66(10) 9 March 2001, 60-66(5)
520 _aSpecial report on shopping centres. Looks at the downturn in the fortunes of shopping centres, with many new centres unable to let all their units, and thus fewer now being developed. Considers the conflicts that have arisen over recent shopping centre rent reviews, which have demanded huge increases. Also looks at e-tailing, and considers how extensively it is likely to be adopted by shoppers.
590 _aABS
650 _aSHOPPING CENTRES
650 _aPROPERTY-COMMERCIAL PROPERTY-RETAIL PROPERTY-RETAIL PROPERTY MARKET
650 _aRENT REVIEWS
650 _aE-TAILING
690 _aPROPERTY-COMMERCIAL PROPERTY-RETAIL PROPERTY
700 _aHamson, L.
700 _aCreasey, S.
942 _n0
999 _c66649
_d66649